[Event "Criciuma op-B"]
[Site "Criciuma"]
[Date "2024.01.15"]
[Round "5"]
[White "Heerdt, Ivanio Jr"]
[Black "Da Silva, Alexandre H Da Rosa"]
[Result "0-1"]
[WhiteElo "1800"]
[BlackElo "1800"]
[PlyCount "60"]
[EventDate "2024.01.12"]
[EventType "swiss"]
[EventRounds "9"]
[EventCountry "BRA"]
[SourceTitle "CB04_2024"]
[SourceDate "2023.10.16"]
[SourceVersion "1"]
[SourceVersionDate "2023.10.16"]
[SourceQuality "1"]

1. d4 Nf6 2. c4 e6 3. Nf3 Bb4+ 4. Nc3 0-0 5. Bg5 Re8 6. e3 d5 7. a3 Bf8 8. cxd5 exd5 9. h3 b6 10. Bxf6 Qxf6 11. Nxd5 Qd6 12. Nc3 Bb7 13. Bd3 c5 14. 0-0 cxd4 15. Nxd4 Nc6 16. Nf3 Ne5 17. Be2 Qh6 18. Nxe5 Bxg2 19. Kxg2 Rxe5 20. Rh1 Qg5+ 21. Kf1 Rf5 22. Rg1 Qxe3 23. Rg2 Bc5 24. Qe1 Re8 25. Bg4 Qd3+ 26. Be2 Qxh3 27. Kg1 h5 28. Rd1 Re3 29. Qd2 Rg3 30. Qd8+ Kh7 0-1

[Event "Criciuma op-B"]
[Site "Criciuma"]
[Date "2024.01.13"]
[Round "3"]
[White "Milkievicz Da Rocha, Mateus"]
[Black "Da Silva, Alexandre H Da Rosa"]
[Result "1/2-1/2"]
[WhiteElo "1468"]
[BlackElo "1800"]
[PlyCount "46"]
[EventDate "2024.01.12"]
[EventType "swiss"]
[EventRounds "9"]
[EventCountry "BRA"]
[SourceTitle "CB04_2024"]
[SourceDate "2023.10.16"]
[SourceVersion "1"]
[SourceVersionDate "2023.10.16"]
[SourceQuality "1"]

1. e4 c5 2. a3 Nc6 3. b4 b6 4. Nf3 d6 5. d4 cxd4 6. Bb5 Bd7 7. Nxd4 Nxd4 8. Bxd7+ Qxd7 9. Qxd4 e6 10. 0-0 h6 11. Rd1 e5 12. Qd3 Nf6 13. Nc3 Be7 14. Nd5 Nxd5 15. exd5 Rc8 16. Ra2 b5 17. Be3 a6 18. a4 0-0 19. axb5 Qxb5 20. Qxb5 axb5 21. Ra7 Bg5 22. Bxg5 hxg5 23. Ra6 Rfd8 1/2-1/2